[Event "XX C.to Mondiale Seniores femminile"]
[Site "Arco ITA"]
[Date "2010.11.05"]
[Round "8"]
[White "Chireykina, Natalia W."]
[Black "Komysheva, Margarita"]
[Result "0-1"]
[WhiteElo "1799"]
[BlackElo "2084"]
[PlyCount "162"]
[EventDate "2010.10.26"]

1. e4 c5 2. Nf3 Nc6 3. d4 cxd4 4. Nxd4 e5 5. Nb5 d6 6. N1c3 a6 7. Na3 b5 8. Nd5
Nge7 9. Bg5 h6 10. Be3 Nxd5 11. Qxd5 Bd7 12. c3 Be7 13. Be2 O-O 14. O-O Qc7 15.
Rfd1 Be6 16. Qd2 Kh7 17. Nc2 Rfd8 18. Qe1 d5 19. f3 Na5 20. Qf2 Nc4 21. Bxc4
Qxc4 22. exd5 Rxd5 23. Rxd5 Qxd5 24. Nb4 Qd7 25. Qc2+ Bf5 26. Rd1 Qe6 27. Qe2
Bxb4 28. cxb4 Qxa2 29. Bc5 f6 30. g4 Bg6 31. h4 Qc4 32. Qd2 h5 33. gxh5 Bxh5
34. Qf2 e4 35. Rd7 Qc1+ 36. Kh2 Qf4+ 37. Kg1 Bxf3 38. Rd4 Qg4+ 39. Kf1 Qh3+ 40.
Ke1 Qh1+ 41. Kd2 Qg2 42. Qxg2 Bxg2 43. Rd6 Kg6 44. Ke3 Kf5 45. Rd7 Kg6 46. Kf4
Bf3 47. Bd4 Rh8 48. Kg3 Rc8 49. Bc3 Rc6 50. Kf4 Re6 51. Ke3 Kh6 52. Bd4 Kg6 53.
Bc5 Re8 54. Kf4 Rh8 55. Bf2 Rh5 56. Rd6 Rf5+ 57. Ke3 Kh5 58. Rxa6 Rd5 59. Ra7
g5 60. hxg5 fxg5 61. Be1 Rd3+ 62. Kf2 Bd1 63. Re7 Rf3+ 64. Kg2 Rf4 65. Kg3 Rf3+
66. Kg2 Bc2 67. Re5 Kg4 68. Rxb5 Bd3 69. Re5 Re3 70. Bc3 Re2+ 71. Kg1 Kf4 72.
b5 g4 73. Re8 Bxb5 74. Rf8+ Ke3 75. Rg8 Bd7 76. Rd8 Bf5 77. Rd5 Kf4 78. b4 e3
79. b5 Rc2 80. Bg7 Be4 81. Rd7 Rc4 0-1

[Event "XX C.to Mondiale Seniores femminile"]
[Site "Arco ITA"]
[Date "2010.11.05"]
[Round "8"]
[White "Fatalibekova, Elena"]
[Black "Mira, Helene"]
[Result "1-0"]
[WhiteElo "2270"]
[BlackElo "2144"]
[PlyCount "105"]
[EventDate "2010.10.26"]

1. e4 e5 2. Nf3 Nc6 3. Bc4 Bc5 4. b4 Bxb4 5. c3 Ba5 6. d4 exd4 7. O-O d3 8. Qb3
Qf6 9. e5 Qg6 10. Rd1 Nge7 11. Bxd3 Qh5 12. Nbd2 O-O 13. Nc4 d5 14. exd6 cxd6
15. Nxd6 Be6 16. Qc2 Bd5 17. Be2 Ne5 18. Nd4 Qg6 19. Qxg6 N5xg6 20. c4 Bc6 21.
Nxc6 bxc6 22. Be3 Bb6 23. c5 Bc7 24. Bc4 Rab8 25. Rab1 Rxb1 26. Rxb1 Nd5 27.
Bxd5 cxd5 28. Rb7 Rb8 29. Rxb8+ Bxb8 30. Nc8 a6 31. Kf1 Kf8 32. Nb6 Ke8 33.
Nxd5 Kd7 34. Nb4 a5 35. Nd3 Kc6 36. Ke2 Nf8 37. Kd2 Ne6 38. Kc3 Kb5 39. a4+ Kc6
40. Kc4 f6 41. Bd2 Ba7 42. Be3 Nd8 43. Nc1 Nb7 44. Nb3 Bb8 45. Nd4+ Kc7 46.
Bf4+ Kc8 47. Bxb8 Kxb8 48. Kb5 g6 49. Nc6+ Kc7 50. Nxa5 Nd8 51. Nb3 Nc6 52. a5
f5 53. f4 1-0

[Event "XX C.to Mondiale Seniores femminile"]
[Site "Arco ITA"]
[Date "2010.11.05"]
[Round "8"]
[White "Khropova, Larisa"]
[Black "Fomina, Tatyana V."]
[Result "0-1"]
[WhiteElo "2037"]
[BlackElo "2256"]
[PlyCount "154"]
[EventDate "2010.10.26"]

1. d4 d5 2. Nf3 Nc6 3. c4 Bg4 4. e3 e6 5. a3 Nf6 6. Nbd2 Be7 7. b4 a6 8. Bd3
O-O 9. Qc2 dxc4 10. Bxc4 Bd6 11. Bb2 Qe7 12. h3 Bh5 13. O-O e5 14. Nh4 exd4 15.
exd4 Qd7 16. Bd3 Rae8 17. Bf5 Qd8 18. g3 Ne7 19. Bd3 Ned5 20. Nc4 Bg6 21. Nxg6
fxg6 22. Ne5 c6 23. Rae1 Re7 24. Re2 Nh5 25. Bc4 Bb8 26. Qb3 Nhf6 27. Rfe1 Rfe8
28. Qc2 Bd6 29. Qd2 Qc8 30. Kg2 Qf5 31. Bd3 Qh5 32. f4 Bxe5 33. dxe5 Nd7 34.
Bd4 g5 35. f5 Rf8 36. e6 N7f6 37. Bc5 Rfe8 38. Bxe7 Rxe7 39. Rc1 g4 40. h4 Qe8
41. Rc5 h6 42. Rc1 Qb8 43. Qe1 Qd6 44. Bb1 a5 45. Rc4 axb4 46. axb4 Kf8 47. Ra2
Re8 48. Ra7 Rb8 49. Qd2 Qe5 50. Ra3 Ke7 51. Kf2 Rd8 52. Qd4 Qxd4+ 53. Rxd4 Kd6
54. Ra7 Kc7 55. Ra3 Kd6 56. Bc2 Ke5 57. Rc4 Rb8 58. Ra1 Kd6 59. Rd4 Ke5 60. Rd2
Kd6 61. Ra7 Ke7 62. Rd4 Kd6 63. Rc4 Kc7 64. Ra1 Kd6 65. Bd3 b5 66. Rcc1 Nxb4
67. Bb1 Rb7 68. Ra8 c5 69. Rf8 c4 70. Rd1+ Nbd5 71. Re1 b4 72. Rf7 Rb8 73. Rxg7
c3 74. Bc2 b3 75. Bxb3 Rxb3 76. e7 Rb2+ 77. Kg1 c2 0-1

[Event "XX C.to Mondiale Seniores femminile"]
[Site "Arco ITA"]
[Date "2010.11.06"]
[Round "9"]
[White "Fomina, Tatyana V."]
[Black "Borisova, Borislava"]
[Result "1-0"]
[WhiteElo "2256"]
[BlackElo "2096"]
[PlyCount "101"]
[EventDate "2010.10.26"]

1. d4 Nf6 2. Nc3 d5 3. Bg5 Nbd7 4. e3 h6 5. Bh4 c6 6. Nf3 g5 7. Bg3 Rg8 8. h4
g4 9. Nd2 Nh5 10. Bf4 Nxf4 11. exf4 Qc7 12. g3 Nf6 13. Bg2 Bf5 14. O-O e6 15.
a3 Bd6 16. Re1 Kf8 17. Nf1 Kg7 18. Ne3 Kh7 19. Bf1 Rg7 20. Bd3 Ne4 21. Bxe4
dxe4 22. Ng2 Rd8 23. Nxe4 Be7 24. b4 a5 25. c3 axb4 26. axb4 b6 27. Qa4 Rd7 28.
Re3 Rg8 29. Ne1 Rgd8 30. Nd3 f6 31. Qb3 Rd5 32. Rae1 R8d7 33. Nb2 Kg7 34. Qc4
c5 35. dxc5 bxc5 36. b5 Qa5 37. Na4 Kf7 38. b6 Qa8 39. Qb3 Qc6 40. c4 Rd4 41.
Naxc5 Bxc5 42. Nxc5 Qxc5 43. b7 Rd8 44. b8=Q Rxb8 45. Qxb8 Rxc4 46. Rb3 Qc8 47.
Rb7+ Kg6 48. Qa7 Be4 49. Rg7+ Kf5 50. Rg5+ fxg5 51. Qf7# 1-0

[Event "XX C.to Mondiale Seniores femminile"]
[Site "Arco ITA"]
[Date "2010.11.06"]
[Round "9"]
[White "Khmiadashvili, Tamar"]
[Black "Shushpanova, Nina"]
[Result "1-0"]
[WhiteElo "2162"]
[BlackElo "1993"]
[PlyCount "43"]
[EventDate "2010.10.26"]

1. c4 g6 2. Nc3 c5 3. g3 Bg7 4. Bg2 Nc6 5. d3 Nf6 6. e4 d6 7. Nge2 O-O 8. O-O
e5 9. f4 Bg4 10. h3 Bd7 11. f5 Ne8 12. g4 f6 13. h4 Nd4 14. Nxd4 cxd4 15. Ne2
Bc6 16. Ng3 Rf7 17. g5 b5 18. cxb5 Bxb5 19. fxg6 hxg6 20. h5 gxh5 21. Qb3 fxg5
22. Qxf7+ 1-0

[Event "XX C.to Mondiale Seniores femminile"]
[Site "Arco ITA"]
[Date "2010.11.06"]
[Round "9"]
[White "Smith, Vivian J."]
[Black "Miednikova, Swietlana"]
[Result "0-1"]
[WhiteElo "1827"]
[BlackElo "2146"]
[PlyCount "60"]
[EventDate "2010.10.26"]

1. e4 e6 2. d3 d5 3. Nd2 c5 4. Ngf3 Nc6 5. g3 Qc7 6. Bg2 Nf6 7. O-O Bd7 8. Re1
d4 9. Nf1 e5 10. h3 h6 11. c3 O-O-O 12. c4 g5 13. g4 Ne7 14. a3 Ng6 15. Bd2 Nf4
16. Qc2 Be7 17. Ng3 Rdg8 18. Nf5 Bf8 19. b4 h5 20. Nh2 hxg4 21. hxg4 Bxf5 22.
gxf5 g4 23. Bxf4 exf4 24. f3 gxf3 25. Nxf3 Rh3 26. Rf1 Rhg3 27. Rf2 Ng4 28. Re2
Ne3 29. Qa4 Nxg2 30. Rxg2 Rxg2+ 0-1

[Event "XVI Festival Leonardo di Bona A"]
[Site "Cutro ITA"]
[Date "2010.04.25"]
[Round "2"]
[White "Lalic, Bogdan"]
[Black "Vuelban, Virgilio"]
[Result "1/2-1/2"]
[WhiteElo "2493"]
[BlackElo "2346"]
[PlyCount "99"]
[EventDate "2010.04.24"]

1. d4 Nf6 2. c4 e6 3. g3 c5 4. d5 e5 5. Nc3 d6 6. Bg2 g6 7. e4 Bg7 8. Nge2 Na6
9. O-O O-O 10. h3 Nc7 11. a3 b6 12. b4 Ba6 13. Qb3 Nd7 14. b5 Bc8 15. Bd2 Re8
16. a4 Nf8 17. a5 Rb8 18. axb6 axb6 19. Ra7 Re7 20. Rfa1 Rb7 21. Rxb7 Bxb7 22.
f4 Nd7 23. Rf1 Re8 24. f5 Qe7 25. Qb2 Ra8 26. g4 Bf6 27. Qc1 Bh4 28. g5 f6 29.
gxf6 Bxf6 30. Nd1 Kh8 31. fxg6 hxg6 32. Nf2 Rf8 33. Ng4 Bg7 34. Bg5 Rxf1+ 35.
Bxf1 Qf8 36. Qe1 Ne8 37. Qh4+ Kg8 38. Nh6+ Bxh6 39. Bxh6 Qf6 40. Qg4 Qf7 41.
Ng3 Ndf6 42. Qh4 Qh7 43. Bg5 Qxh4 44. Bxh4 Bc8 45. Kf2 Kf7 46. Ke3 Ke7 47. Ne2
Kd7 48. Ng1 Nh7 49. Nf3 Nef6 50. Ng5 1/2-1/2

[Event "XVI Festival Leonardo di Bona A"]
[Site "Cutro ITA"]
[Date "2010.04.25"]
[Round "2"]
[White "Mrdja, Milan"]
[Black "Cordi', Domenico"]
[Result "1-0"]
[WhiteElo "2376"]
[BlackElo "2055"]
[PlyCount "35"]
[EventDate "2010.04.24"]

1. e4 c5 2. Nf3 e6 3. d4 cxd4 4. Nxd4 a6 5. Bd3 Nf6 6. Nc3 Qc7 7. Qe2 d6 8. f4
Nc6 9. Nf3 Be7 10. e5 dxe5 11. fxe5 Nd7 12. Bf4 Bb4 13. O-O Bxc3 14. bxc3 Ne7
15. c4 Ng6 16. Bg3 O-O 17. Rae1 b6 18. Ng5 $139 1-0

[Event "XVI Festival Leonardo di Bona A"]
[Site "Cutro ITA"]
[Date "2010.04.25"]
[Round "2"]
[White "Naumkin, Igor"]
[Black "Marholev, Dimitar"]
[Result "1-0"]
[WhiteElo "2496"]
[BlackElo "2423"]
[PlyCount "64"]
[EventDate "2010.04.24"]

1. d4 Nf6 2. c4 e6 3. Nf3 b6 4. g3 Ba6 5. b3 Bb4+ 6. Bd2 Be7 7. Bg2 c6 8. Bc3
d5 9. Nbd2 O-O 10. O-O Bb7 11. Qc2 Nbd7 12. e4 Rc8 13. Rad1 dxe4 14. Nxe4 Nxe4
15. Qxe4 Qc7 16. Qc2 Rfe8 17. h4 h6 18. Rfe1 Bf6 19. c5 a5 20. cxb6 Qxb6 21.
Nd2 Ra8 22. Nc4 Qc7 23. Qd2 Bd8 24. Rc1 a4 25. Bb4 Be7 26. Bxe7 Rxe7 27. Qb4
Nf6 28. Nb6 Rd8 29. bxa4 Qd6 30. Qxd6 Rxd6 31. Red1 Nd5 32. a5 Nf6 1-0

[Event "XVI Festival Leonardo di Bona A"]
[Site "Cutro ITA"]
[Date "2010.04.25"]
[Round "2"]
[White "Neubauer, Kai"]
[Black "Fabiano, Giuseppe"]
[Result "0-1"]
[WhiteElo "2041"]
[BlackElo "2221"]
[PlyCount "74"]
[EventDate "2010.04.24"]

1. d4 Nf6 2. c4 d6 3. Nc3 Nbd7 4. e4 e5 5. Nf3 g6 6. d5 Bg7 7. Be2 O-O 8. O-O
h6 9. b4 a5 10. Ba3 Nh5 11. g3 f5 12. Nd2 Nhf6 13. bxa5 Nc5 14. Bxc5 dxc5 15.
Qc2 Qe7 16. Nb3 fxe4 17. Nxe4 Nxe4 18. Qxe4 Bf5 19. Qe3 e4 20. Rad1 b6 21. Rfe1
Qd7 22. Bf1 Bg4 23. Be2 Bf5 24. Bf1 Rae8 25. Bg2 Bg4 26. Bxe4 Bf3 27. Qd3 Rxe4
28. Qf1 Bxd1 29. Rxe4 Bxb3 30. axb3 Bd4 31. Re2 bxa5 32. Kg2 Qf5 33. f3 Qd3 34.
h4 Qxb3 35. Re6 Qc2+ 36. Kh1 Rb8 37. Re2 Qxe2 0-1

[Event "XVI Festival Leonardo di Bona A"]
[Site "Cutro ITA"]
[Date "2010.04.25"]
[Round "2"]
[White "Petkov, Vladimir"]
[Black "Rotstein, Arkadij"]
[Result "1-0"]
[WhiteElo "2484"]
[BlackElo "2552"]
[PlyCount "123"]
[EventDate "2010.04.24"]

1. d4 Nf6 2. c4 d6 3. Nf3 Nbd7 4. Nc3 e5 5. Bg5 h6 6. Bh4 exd4 7. Nxd4 Ne5 8.
Bxf6 gxf6 9. e3 c6 10. Qc2 Qa5 11. f4 Ng6 12. O-O-O Bd7 13. Bd3 O-O-O 14. Bf5
Ne7 15. Bxd7+ Rxd7 16. Nb3 Qc7 17. Ne4 Bg7 18. Ng3 f5 19. Nxf5 Nxf5 20. Qxf5
Kb8 21. Rd3 Re7 22. Rhd1 Qb6 23. c5 dxc5 24. Qxc5 Rhe8 25. Qxb6 axb6 26. Rd8+
Rxd8 27. Rxd8+ Kc7 28. Rd3 c5 29. Nd2 b5 30. b3 Re6 31. e4 c4 32. Rg3 Bd4 33.
e5 Ra6 34. Kb1 c3 35. Rd3 Bxe5 36. fxe5 cxd2 37. Rxd2 Re6 38. Rf2 Rxe5 39.
Rxf7+ Kc6 40. Rf2 h5 41. Kc2 Kc5 42. Kc3 Re3+ 43. Kd2 Re5 44. Rf4 b4 45. Rc4+
Kb5 46. Kd3 Rg5 47. g3 Ka5 48. Rc2 Kb5 49. Ke4 Rg8 50. Kf5 b6 51. Kf6 Re8 52.
Kg5 Re5+ 53. Kh4 Ka6 54. h3 b5 55. g4 hxg4 56. hxg4 Re8 57. g5 Re1 58. Rg2 Re4+
59. Kh5 Re5 60. Kh6 Re1 61. g6 Rh1+ 62. Kg5 1-0

[Event "XVI Festival Leonardo di Bona A"]
[Site "Cutro ITA"]
[Date "2010.04.25"]
[Round "2"]
[White "Piasetski, Leon David"]
[Black "Barsov, Alexei"]
[Result "1/2-1/2"]
[WhiteElo "2280"]
[BlackElo "2489"]
[PlyCount "66"]
[EventDate "2010.04.24"]

1. c4 e6 2. Nf3 d5 3. g3 dxc4 4. Qa4+ Nd7 5. Qxc4 c5 6. Bg2 b6 7. Qe4 Rb8 8.
O-O Bb7 9. Qf4 Ngf6 10. Nc3 Be7 11. d4 cxd4 12. Qxd4 O-O 13. Bf4 Rc8 14. Rad1
Nc5 15. Ne5 Bxg2 16. f3 Qc7 17. Kxg2 Rfd8 18. Qe3 Nh5 19. b4 Nxf4+ 20. gxf4 Na6
21. Nb5 Qb7 22. Rxd8+ Rxd8 23. a3 f6 24. Nd3 Qd7 25. Nc3 Nc7 26. Rc1 Bd6 27.
Qe4 Ne8 28. Qc4 Nc7 29. Kf2 b5 30. Qd4 e5 31. fxe5 fxe5 32. Qg4 Qe7 33. Ne4 Ne6
1/2-1/2

[Event "XVI Festival Leonardo di Bona A"]
[Site "Cutro ITA"]
[Date "2010.04.25"]
[Round "2"]
[White "Rotunno, Giuseppe"]
[Black "Blasco, Domenico"]
[Result "1-0"]
[WhiteElo "2053"]
[BlackElo "1961"]
[PlyCount "69"]
[EventDate "2010.04.24"]

1. d4 g6 2. b3 Bg7 3. Bb2 c5 4. e3 b6 5. Nf3 Bb7 6. g3 Nh6 7. Bg2 O-O 8. h4 Qc7
9. c4 Nf5 10. g4 Nh6 11. g5 Nf5 12. Nc3 Nxe3 13. fxe3 Qg3+ 14. Kf1 cxd4 15. Ne2
Qg4 16. Nexd4 f6 17. Rh3 fxg5 18. Kg1 e5 19. Nb5 Na6 20. Ne1 Qf5 21. Bxb7 Qxh3
22. Ng2 g4 23. Qxd7 Nc5 24. Qd5+ Kh8 25. Bxe5 g3 26. Bxg3 Rad8 27. Nd6 Bxa1 28.
Be5+ Bxe5 29. Qxe5+ Kg8 30. Bd5+ Rf7 31. Bxf7+ Kf8 32. Qf6 Ne4 33. Qxd8+ Kg7
34. Qg8+ Kh6 35. Qf8+ 1-0

[Event "XVI Festival Leonardo di Bona A"]
[Site "Cutro ITA"]
[Date "2010.04.25"]
[Round "2"]
[White "Scalcione, Michelangelo"]
[Black "Levin, Felix"]
[Result "0-1"]
[WhiteElo "2378"]
[BlackElo "2494"]
[PlyCount "94"]
[EventDate "2010.04.24"]

1. Nf3 Nf6 2. c4 b6 3. g3 Bb7 4. Bg2 e6 5. O-O Be7 6. d3 d5 7. b3 O-O 8. Bb2 c5
9. Nbd2 Nc6 10. Ne5 Qc7 11. Nxc6 Bxc6 12. e4 d4 13. f4 Nd7 14. Qe2 Rae8 15.
Rae1 f6 16. Bc1 Bd8 17. Nf3 b5 18. Bd2 bxc4 19. bxc4 Nb6 20. Ba5 Qd7 21. Bxb6
axb6 22. e5 f5 23. Rb1 Bc7 24. Ne1 Ra8 25. Bxc6 Qxc6 26. Rb2 Ra5 27. Nc2 Rfa8
28. a3 b5 29. cxb5 Rxb5 30. Rfb1 Rab8 31. Rxb5 Rxb5 32. Rxb5 Qxb5 33. Ne1 Ba5
34. Nf3 c4 35. dxc4 Qb1+ 36. Kg2 d3 37. Qf2 Qc2 38. Nd4 Qxf2+ 39. Kxf2 Bb6 40.
Ke3 Bxd4+ 41. Kxd3 Bc5 42. a4 Kf7 43. h3 h5 44. Ke2 Ke8 45. Kf3 Kd7 46. g4 g6
47. gxh5 gxh5 0-1

[Event "XVI Festival Leonardo di Bona A"]
[Site "Cutro ITA"]
[Date "2010.04.25"]
[Round "2"]
[White "Van Hoolandt, Patrick"]
[Black "Luvera', Filippo"]
[Result "1-0"]
[WhiteElo "2201"]
[BlackElo "1977"]
[PlyCount "103"]
[EventDate "2010.04.24"]

1. d4 Nf6 2. c4 e6 3. Nf3 b6 4. Nc3 Bb7 5. Bg5 Be7 6. Qc2 h6 7. Bh4 O-O 8. e3
d5 9. cxd5 Nxd5 10. Bxe7 Qxe7 11. a3 Nxc3 12. bxc3 Nd7 13. Bd3 c5 14. Be4 Bxe4
15. Qxe4 Nf6 16. Qd3 cxd4 17. cxd4 Rfc8 18. O-O Qc7 19. a4 Qc3 20. Qb5 Rc7 21.
a5 bxa5 22. Qxa5 Qxa5 23. Rxa5 Ne4 24. Ne5 Nd2 25. Rd1 Nc4 26. Rc1 Rac8 27.
Nxc4 Rxc4 28. Rxc4 Rxc4 29. g4 Rc7 30. f4 Kf8 31. f5 exf5 32. gxf5 Ke7 33. Kf2
Kd6 34. Ra6+ Kd5 35. Kf3 Kc4 36. Kf4 Kb5 37. Ra1 a5 38. Rb1+ Kc6 39. Rg1 f6 40.
Rc1+ Kd6 41. Rxc7 Kxc7 42. Ke4 a4 43. Kd3 a3 44. Kc3 Kd6 45. e4 a2 46. Kb2 Ke7
47. Kxa2 Kf7 48. Kb3 g5 49. fxg6+ Kxg6 50. Kc4 Kf7 51. Kd5 Ke7 52. Kc6 1-0

[Event "XVI Festival Leonardo di Bona A"]
[Site "Cutro ITA"]
[Date "2010.04.25"]
[Round "2"]
[White "Videnova, Iva"]
[Black "Lacrosse, Marc"]
[Result "1-0"]
[WhiteElo "2258"]
[BlackElo "2189"]
[PlyCount "83"]
[EventDate "2010.04.24"]

1. e4 e5 2. Nf3 Nc6 3. Bb5 a6 4. Ba4 Nf6 5. O-O Nxe4 6. d4 b5 7. Bb3 d5 8. dxe5
Be6 9. Nbd2 Be7 10. c3 O-O 11. Bc2 f5 12. Nb3 Qd7 13. Nfd4 Nxd4 14. Nxd4 c5 15.
Nxe6 Qxe6 16. f3 Ng5 17. a4 Rad8 18. axb5 axb5 19. Qe2 Qc6 20. Kh1 f4 21. b3
Ne6 22. Ra7 Rd7 23. Ra5 c4 24. bxc4 Qxc4 25. Qxc4 bxc4 26. Rd1 d4 27. Be4 d3
28. Bd5 Rxd5 29. Rxd5 Rb8 30. Bd2 Rb2 31. g3 g5 32. Kg2 Kf7 33. Kf1 Bc5 34.
Rd7+ Kg6 35. g4 Be3 36. Rd6 Kf7 37. Be1 Bc5 38. Rd7+ Kg6 39. Ra1 Rb6 40. Ra8
Be3 41. Rg8+ Kh6 42. Rf7 1-0

[Event "XVI Festival Leonardo di Bona A"]
[Site "Cutro ITA"]
[Date "2010.04.27"]
[Round "4"]
[White "Lalic, Bogdan"]
[Black "Scalcione, Michelangelo"]
[Result "1/2-1/2"]
[WhiteElo "2493"]
[BlackElo "2378"]
[PlyCount "21"]
[EventDate "2010.04.24"]

1. d4 d6 2. Nf3 Bg4 3. c4 Nd7 4. Nc3 e5 5. h3 Bxf3 6. exf3 exd4 7. Qxd4 Ngf6 8.
Be2 Be7 9. f4 O-O 10. O-O c6 11. Bf3 1/2-1/2

[Event "XVI Festival Leonardo di Bona A"]
[Site "Cutro ITA"]
[Date "2010.04.27"]
[Round "4"]
[White "Mrdja, Milan"]
[Black "Marholev, Dimitar"]
[Result "1-0"]
[WhiteElo "2376"]
[BlackElo "2423"]
[PlyCount "54"]
[EventDate "2010.04.24"]

1. e4 e5 2. Bc4 Nf6 3. d3 Nc6 4. Nf3 h6 5. O-O d6 6. c3 Be7 7. Re1 O-O 8. Bb3
Na5 9. Bc2 c5 10. Nbd2 Nc6 11. Nf1 Re8 12. h3 Bf8 13. d4 g6 14. Ng3 Bg7 15. Be3
b6 16. Qd2 Kh7 17. Rad1 Bb7 18. d5 Ne7 19. Nh2 Nd7 20. f4 exf4 21. Bxf4 Ne5 22.
Rf1 Rf8 23. Nf3 Nc4 24. Qe2 Ne5 25. Rf2 a5 26. Bxe5 dxe5 27. d6 Nc6 1-0

[Event "XVI Festival Leonardo di Bona A"]
[Site "Cutro ITA"]
[Date "2010.04.27"]
[Round "4"]
[White "Naumkin, Igor"]
[Black "Barsov, Alexei"]
[Result "1/2-1/2"]
[WhiteElo "2496"]
[BlackElo "2489"]
[PlyCount "132"]
[EventDate "2010.04.24"]

1. c4 e6 2. e4 b6 3. g3 Bb7 4. Bg2 Ne7 5. Nc3 f5 6. d3 c5 7. Bf4 d6 8. Bg5 a6
9. Nge2 h6 10. Bxe7 Qxe7 11. Nf4 Qf7 12. Bf3 Kd8 13. Bh5 Qf6 14. Na4 Kc7 15.
Qb3 Nd7 16. Qc3 Qxc3+ 17. Nxc3 Ne5 18. Nxe6+ Kd7 19. Nf4 g5 20. Nfd5 fxe4 21.
dxe4 Kc6 22. Be2 Bc8 23. f4 gxf4 24. gxf4 Ng6 25. Bf3 Nh4 26. Bh5 Be6 27. b3
Kb7 28. Na4 b5 29. Nac3 Bg7 30. Rc1 b4 31. Ne2 Raf8 32. Kf2 Rhg8 33. Ne7 Bd4+
34. Nxd4 Rg2+ 35. Ke3 cxd4+ 36. Kxd4 Rxf4 37. Rcd1 Rxa2 38. Rhg1 Nf5+ 39. Nxf5
Bxf5 40. Rg7+ Kc6 41. Be8+ Kb6 42. Re7 Bg4 43. Rd3 Rxh2 44. Kd5 Rh5+ 45. Bxh5
Bxh5 46. Rd2 Bg6 47. Ra2 h5 48. Re6 Bf7 49. c5+ Kc7 50. Rxa6 Bxe6+ 51. Kxe6
Rxe4+ 52. Kd5 Re5+ 53. Kc4 Rxc5+ 54. Kxb4 Rc1 55. Ra5 Rc5 56. Ra2 h4 57. Rh2
Rh5 58. Kc4 Kc6 59. Kd4 h3 60. Kc4 d5+ 61. Kd4 Kb5 62. Kc3 Rh4 63. Kd3 Kb4 64.
Kc2 d4 65. Kb2 d3 66. Ka2 d2 1/2-1/2

[Event "XVI Festival Leonardo di Bona A"]
[Site "Cutro ITA"]
[Date "2010.04.27"]
[Round "4"]
[White "Petkov, Vladimir"]
[Black "Videnova, Iva"]
[Result "1/2-1/2"]
[WhiteElo "2484"]
[BlackElo "2258"]
[PlyCount "119"]
[EventDate "2010.04.24"]

1. d4 Nf6 2. c4 e6 3. Nf3 b6 4. Nc3 Bb4 5. Bg5 Bb7 6. Nd2 h6 7. Bh4 Qe7 8. Qc2
c5 9. a3 Bxc3 10. Qxc3 cxd4 11. Qxd4 Nc6 12. Qc3 e5 13. e3 Nd4 14. Bxf6 gxf6
15. Qd3 Ne6 16. Ne4 Nc5 17. Nd6+ Kf8 18. Qd1 Bc6 19. b4 Ba4 20. Nf5 Bxd1 21.
Nxe7 Kxe7 22. Rxd1 Ne6 23. g3 a5 24. Bg2 Rac8 25. Bd5 axb4 26. axb4 Nc7 27. Bb7
Rb8 28. Be4 Na6 29. Rb1 Rhc8 30. Kd2 b5 31. c5 d6 32. Bf5 Rc7 33. cxd6+ Kxd6
34. Ke2 Rc4 35. Rhd1+ Ke7 36. Rd7+ Kf8 37. Ra1 Rb6 38. Ra7 Nxb4 39. Rd1 Nc6 40.
Ra8+ Kg7 41. Rd7 b4 42. Rc8 e4 43. Re8 b3 44. Rxe4 Rc2+ 45. Rd2 Ne5 46. Ra4 Rc5
47. Bb1 f5 48. f4 Ng4 49. Rb2 Rc3 50. Bd3 Re6 51. Kd2 Rc5 52. Rxb3 Nxe3 53. Rb5
Rxb5 54. Bxb5 Ng4 55. Bd3 Nxh2 56. Ra5 Nf3+ 57. Kc3 Rc6+ 58. Bc4 Nd2 59. Kxd2
Rxc4 60. Rxf5 1/2-1/2

[Event "XVI Festival Leonardo di Bona A"]
[Site "Cutro ITA"]
[Date "2010.04.27"]
[Round "4"]
[White "Piasetski, Leon David"]
[Black "Levin, Felix"]
[Result "1/2-1/2"]
[WhiteElo "2280"]
[BlackElo "2494"]
[PlyCount "77"]
[EventDate "2010.04.24"]

1. c4 Nf6 2. Nf3 e6 3. g3 b6 4. Bg2 Bb7 5. O-O Be7 6. b3 O-O 7. Bb2 d5 8. e3
dxc4 9. bxc4 c5 10. Qe2 Nc6 11. Rd1 Qc7 12. d3 a6 13. Nbd2 Rfd8 14. d4 Na5 15.
dxc5 Qxc5 16. Rdc1 Rac8 17. Rab1 Nd7 18. Nb3 Qh5 19. Nxa5 Qxa5 20. Bd4 Be4 21.
Rb3 b5 22. Ne5 Nxe5 23. Bxe4 Nxc4 24. Rd1 Qc7 25. Rbd3 f5 26. Bg2 h6 27. g4 Ne5
28. Rc3 Qb8 29. gxf5 exf5 30. Qh5 Rxc3 31. Bxc3 Rf8 32. Rd5 Ng4 33. Rxf5 Rxf5
34. Qxf5 Qxh2+ 35. Kf1 Nf6 36. Qe6+ Kf8 37. Bxf6 Bxf6 38. Bd5 Qh5 39. Qg8+
1/2-1/2

[Event "XVI Festival Leonardo di Bona A"]
[Site "Cutro ITA"]
[Date "2010.04.29"]
[Round "6"]
[White "Barsov, Alexei"]
[Black "Levin, Felix"]
[Result "1/2-1/2"]
[WhiteElo "2489"]
[BlackElo "2494"]
[PlyCount "26"]
[EventDate "2010.04.24"]

1. d4 Nf6 2. c4 e6 3. Nf3 b6 4. a3 Bb7 5. Nc3 d5 6. cxd5 Nxd5 7. Qc2 Nxc3 8.
Qxc3 Be7 9. Bf4 Bd6 10. Bxd6 cxd6 11. g3 O-O 12. Bg2 Nd7 13. O-O Nf6 1/2-1/2

[Event "XVI Festival Leonardo di Bona A"]
[Site "Cutro ITA"]
[Date "2010.04.30"]
[Round "6"]
[White "Barsov, Alexei"]
[Black "Levin, Felix"]
[Result "1/2-1/2"]
[WhiteElo "2489"]
[BlackElo "2494"]
[PlyCount "24"]
[EventDate "2010.04.24"]

1. d4 Nf6 2. Nf3 e6 3. g3 d5 4. Bg2 Be7 5. O-O O-O 6. c4 dxc4 7. Qc2 a6 8. Qxc4
b5 9. Qc2 Bb7 10. Bg5 Nbd7 11. Nbd2 Rc8 12. Nb3 c5 1/2-1/2

[Event "XVI Festival Leonardo di Bona A"]
[Site "Cutro ITA"]
[Date "2010.04.29"]
[Round "6"]
[White "Lacrosse, Marc"]
[Black "Marholev, Dimitar"]
[Result "0-1"]
[WhiteElo "2189"]
[BlackElo "2423"]
[PlyCount "61"]
[EventDate "2010.04.24"]

1. d4 Nf6 2. c4 c5 3. d5 e6 4. Nc3 exd5 5. cxd5 Bd6 6. g3 O-O 7. Bg2 Re8 8. Nf3
Bc7 9. d6 Ba5 10. Nd2 Nc6 11. O-O Bxc3 12. bxc3 b6 13. e4 Ba6 14. Re1 Ne5 15.
f4 Nc6 16. Re3 Nd5 17. Rd3 Bxd3 18. exd5 Qf6 19. Nf3 Be4 20. Qd2 Qxd6 21. c4 a6
22. a4 b5 23. axb5 axb5 24. Rxa8 Rxa8 25. Qe2 f5 26. Ne5 Ra1 27. Qd2 b4 28.
Bxe4 fxe4 29. Kf2 Qh6 30. Qe3 Qd6 31. Nxc6 0-1

[Event "XVI Festival Leonardo di Bona A"]
[Site "Cutro ITA"]
[Date "2010.04.29"]
[Round "6"]
[White "Lalic, Bogdan"]
[Black "Piasetski, Leon David"]
[Result "1-0"]
[WhiteElo "2493"]
[BlackElo "2280"]
[PlyCount "55"]
[EventDate "2010.04.24"]

1. d4 Nf6 2. c4 e6 3. Nf3 b6 4. g3 Ba6 5. Qa4 Bb7 6. Bg2 c5 7. dxc5 Bxc5 8. O-O
O-O 9. Nc3 Na6 10. Bf4 Be7 11. Rfd1 Nc5 12. Qc2 Nce4 13. Ne5 Nxc3 14. Bxb7 Nxd1
15. Rxd1 Rc8 16. Bxc8 Qxc8 17. Qa4 d5 18. Qxa7 Bc5 19. Nd3 Ng4 20. Qc7 Qa8 21.
Nxc5 bxc5 22. cxd5 exd5 23. Qxc5 Qxa2 24. Bd6 Re8 25. Qd4 h5 26. h3 Nh6 27. e3
g6 28. Ba3 1-0

[Event "XVI Festival Leonardo di Bona A"]
[Site "Cutro ITA"]
[Date "2010.04.29"]
[Round "6"]
[White "Luvera', Filippo"]
[Black "Blasco, Domenico"]
[Result "1-0"]
[WhiteElo "1977"]
[BlackElo "1961"]
[PlyCount "69"]
[EventDate "2010.04.24"]

1. e4 g6 2. d4 Bg7 3. Nf3 d6 4. Nc3 a6 5. a4 b6 6. Be2 e6 7. Be3 Nd7 8. O-O Ne7
9. Qd2 h6 10. Rad1 Bb7 11. b4 g5 12. h3 f5 13. exf5 exf5 14. Nh2 O-O 15. Bg4 a5
16. Bxf5 Rxf5 17. Qd3 Rf8 18. d5 Nf6 19. Ng4 Nxg4 20. hxg4 Bc8 21. f3 Bd7 22.
Rfe1 c5 23. b5 Qe8 24. Ne4 Qg6 25. Ng3 Qxd3 26. Rxd3 Rac8 27. Nh5 Be8 28. Nxg7
Kxg7 29. c4 Bg6 30. Rd2 Rce8 31. Kh2 Kh7 32. Kg3 Kg8 33. Ree2 Kh7 34. Rf2 Kg8
35. Rfe2 1-0

[Event "XVI Festival Leonardo di Bona A"]
[Site "Cutro ITA"]
[Date "2010.04.29"]
[Round "6"]
[White "Mrdja, Milan"]
[Black "Petkov, Vladimir"]
[Result "0-1"]
[WhiteElo "2376"]
[BlackElo "2484"]
[PlyCount "52"]
[EventDate "2010.04.24"]

1. e4 c5 2. Nf3 d6 3. d4 cxd4 4. Nxd4 Nf6 5. Nc3 a6 6. Be3 e5 7. Nb3 Be6 8. f3
Be7 9. g4 d5 10. g5 d4 11. gxf6 Bxf6 12. Bxd4 exd4 13. Ne2 Nc6 14. Qd2 d3 15.
cxd3 Bxb3 16. axb3 Ne5 17. O-O-O Nxf3 18. Qb4 Be7 19. Qxb7 O-O 20. Bg2 Rb8 21.
Qd5 Bg5+ 22. Kb1 Nd2+ 23. Rxd2 Qxd5 24. exd5 Bxd2 25. Rd1 Be3 26. Kc2 Rb6 0-1